Food and Beverage Service (Mannul) (Record no. 417805)

MARC details
000 -LEADER
fixed length control field 00358nam a2200157Ia 4500
008 - FIXED-LENGTH DATA ELEMENTS--GENERAL INFORMATION
fixed length control field 230605s2003 xx 000 0 und d
041 ## - LANGUAGE CODE
Language code of text/sound track or separate title eng
100 ## - MAIN ENTRY--PERSONAL NAME
Personal name Anderws
245 ## - TITLE STATEMENT
Title Food and Beverage Service (Mannul)
260 ## - PUBLICATION, DISTRIBUTION, ETC.
Name of publisher, distributor, etc. Tata Mc Garth
Date of publication, distribution, etc. 2003
-- 2003
300 ## - PHYSICAL DESCRIPTION
Extent 192
365 ## - TRADE PRICE
Price amount 100
Tax rate 1 20
500 ## - GENERAL NOTE
General note 108
520 ## - SUMMARY, ETC.
Summary, etc. General
650 ## - SUBJECT ADDED ENTRY--TOPICAL TERM
Topical term or geographic name entry element F. B.

No items available.